Middlesbrough Best Scorer By Year - Statistics

General Stats
  • This quiz has been taken 93 times
  • The average score is 4 of 26
Answer Stats
Player % Correct
Álvaro Negredo
60%
Mark Viduka
48%
Fabrizio Ravanelli
45%
Jimmy Floyd Hasselbaink
45%
Stewart Downing
39%
Massimo Maccarone
31%
Alen Bokšić
23%
Hamilton Ricard
21%
Bernie Slaven
20%
Paul Wilkinson
16%
David Armstrong
14%
Szilárd Németh
14%
Tuncay Şanlı
10%
Nick Barmby
9%
Wilf Mannion
9%
Božidar Janković
5%
David Mills
5%
Yakubu Aiyegbeni
5%
Heini Otto
4%
Micky Burns
4%
Tony McAndrew
4%
Alan Foggon
3%
Alex McCrae
3%
Billy Ashcroft
3%
Lindy Delapenha
3%
Lindy Delapenha
3%
No matching quizzes found
Score Distribution
Percent of People with Each Score
Percentile by Number Answered
Your Score History
You have not taken this quiz